[Event "CAMPEONATO CONTINENTAL ABSOLUT"]
[Site "Hotel Torre de Cali, Cali, Co"]
[Date "2007.07.16"]
[Round "7.5"]
[White "Gurevich, Dmitry"]
[Black "Cordova, Emilio"]
[Result "0-1"]
[WhiteElo "2507"]
[BlackElo "2492"]
[PlyCount "76"]
[EventDate "2007.07.10"]

1. d4 Nf6 2. c4 c6 3. Bf4 Qb6 4. Qd2 Ne4 5. Qc2 d5 6. f3 g5 7. Be3 Qa5+ 8. Nd2
Nd6 9. cxd5 Bg7 10. Qc5 Qxc5 11. dxc5 Nf5 12. Bxg5 cxd5 13. e4 h6 14. Bf4 e5
15. Bg3 Ne3 16. Rc1 Nxf1 17. Kxf1 Be6 18. exd5 Bxd5 19. Ne2 Nc6 20. Nc4 O-O 21.
Kf2 Rad8 22. Nd6 Bxa2 23. Bh4 Rd7 24. Ng3 e4 25. Ngf5 Bxb2 26. Rc2 Nb4 27. Rxb2
Nd3+ 28. Kg3 Nxb2 29. Nxe4 Rd1 30. Be7 Rc8 31. Bf6 Rxh1 32. Ne7+ Kh7 33. Nxc8
Nd3 34. Ne7 Rc1 35. Bd4 Rc4 36. Nf6+ Kg7 37. Nd7+ f6 38. Bxf6+ Kf7 0-1

[Event "CAMPEONATO CONTINENTAL ABSOLUT"]
[Site "Hotel Torre de Cali, Cali, Co"]
[Date "2007.07.16"]
[Round "7.6"]
[White "Matsuura, Everaldo"]
[Black "Lima, Darcy"]
[Result "1/2-1/2"]
[WhiteElo "2505"]
[BlackElo "2463"]
[PlyCount "20"]
[EventDate "2007.07.10"]

1. e4 e5 2. Nf3 Nc6 3. Bb5 Nf6 4. d3 d6 5. c3 Bd7 6. O-O g6 7. Re1 Bg7 8. Nbd2
O-O 9. Nf1 Ne7 10. Bxd7 Nxd7 1/2-1/2

[Event "CAMPEONATO CONTINENTAL ABSOLUT"]
[Site "Hotel Torre de Cali, Cali, Co"]
[Date "2007.07.16"]
[Round "7.7"]
[White "Barrientos, Sergio"]
[Black "Spraggett, Kevin"]
[Result "1-0"]
[WhiteElo "2417"]
[BlackElo "2585"]
[PlyCount "61"]
[EventDate "2007.07.10"]

1. e4 c5 2. Nf3 e6 3. d4 cxd4 4. Nxd4 a6 5. Bd3 Nf6 6. Qe2 d6 7. O-O Nbd7 8. c4
Be7 9. Nc3 O-O 10. f4 g6 11. Be3 Re8 12. Nb3 b6 13. a4 Nc5 14. Nxc5 bxc5 15. e5
Nd7 16. Bf2 Bb7 17. Rad1 Qc7 18. Bg3 Rad8 19. Be4 Bc6 20. Qf3 Nb8 21. f5 dxe5
22. fxg6 f5 23. Qh5 Bf6 24. Bxc6 Nxc6 25. Ne4 fxe4 26. Rxd8 Rxd8 27. Rxf6 Qd7
28. gxh7+ Kh8 29. Rf1 Qd4+ 30. Kh1 e3 31. Bh4 1-0

[Event "CAMPEONATO CONTINENTAL ABSOLUT"]
[Site "Hotel Torre de Cali, Cali, Co"]
[Date "2007.07.16"]
[Round "7.9"]
[White "Rodriguez Vila, Andres"]
[Black "Hungaski, Robert Andrew"]
[Result "1-0"]
[WhiteElo "2547"]
[BlackElo "2399"]
[PlyCount "77"]
[EventDate "2007.07.10"]

1. d3 c5 2. g3 g6 3. Bg2 Bg7 4. e4 Nc6 5. f4 d6 6. Nf3 e6 7. O-O Nge7 8. c3 O-O
9. Be3 b6 10. d4 Ba6 11. Re1 Rc8 12. a3 c4 13. Nbd2 Na5 14. Bf2 Qd7 15. Qe2 Bb7
16. g4 f6 17. g5 Rce8 18. gxf6 Rxf6 19. Bh3 Qc7 20. Bh4 Rxf4 21. Bxe6+ Kh8 22.
Ng5 Nec6 23. Bg3 Rff8 24. Qg4 Nd8 25. Bd5 h6 26. Ngf3 Kh7 27. Nh4 g5 28. Nf5
Bc8 29. Qh5 Ndb7 30. Nf3 Qd8 31. Bf7 Bxf5 32. exf5 Rxf7 33. Qxf7 Rf8 34. Qg6+
Kh8 35. Re6 Rg8 36. Qh5 Qf8 37. Ne5 dxe5 38. Bxe5 Kh7 39. Qg6+ 1-0

[Event "CAMPEONATO CONTINENTAL ABSOLUT"]
[Site "Hotel Torre de Cali, Cali, Co"]
[Date "2007.07.16"]
[Round "7.10"]
[White "Iturrizaga, Eduardo"]
[Black "Fier, Alexander"]
[Result "1/2-1/2"]
[WhiteElo "2411"]
[BlackElo "2527"]
[PlyCount "133"]
[EventDate "2007.07.10"]

1. e4 c5 2. Nf3 d6 3. d4 cxd4 4. Nxd4 Nf6 5. f3 e6 6. c4 Be7 7. Nc3 O-O 8. Be2
Nc6 9. Be3 d5 10. cxd5 exd5 11. Nxc6 bxc6 12. exd5 cxd5 13. O-O Be6 14. Bd4 Qb8
15. Kh1 Nh5 16. Qd2 Nf4 17. Bb5 Rc8 18. Rac1 Bd6 19. g3 Ng6 20. f4 Bh3 21. Rf2
Ne7 22. g4 Bxg4 23. Rg1 h5 24. h3 Nf5 25. hxg4 Nxd4 26. Ba6 Bc5 27. Bxc8 Qxc8
28. Na4 hxg4 29. Nxc5 Qxc5 30. Rxg4 f5 31. Rg3 Re8 32. Rfg2 Ne6 33. Qe3 Qxe3
34. Rxe3 Kf7 35. Re5 Kf6 36. Rxd5 Nxf4 37. Rd6+ Ke5 38. Rdd2 Rh8+ 39. Rh2 Rc8
40. Rc2 Rd8 41. Rhd2 Rh8+ 42. Kg1 g5 43. Rd7 Ke4 44. Rxa7 Rd8 45. Re7+ Kf3 46.
Re1 Nh3+ 47. Kf1 Kg3 48. Re3+ Kh4 49. Rc7 g4 50. Rh7+ Kg5 51. Rexh3 gxh3 52.
Rxh3 Rd2 53. Rg3+ Kf4 54. Rg2 Rd1+ 55. Ke2 Rb1 56. Kd3 Kf3 57. Rc2 f4 58. a4
Kg3 59. Rc8 f3 60. Rg8+ Kf4 61. Rf8+ Kg3 62. Ke3 Re1+ 63. Kd4 f2 64. a5 f1=R
65. Rxf1 Rxf1 66. b4 Ra1 67. Kc5 1/2-1/2

[Event "CAMPEONATO CONTINENTAL ABSOLUT"]
[Site "Hotel Torre de Cali, Cali, Co"]
[Date "2007.07.16"]
[Round "7.11"]
[White "Zambrana, Oswaldo"]
[Black "Renteria, Jorge"]
[Result "1-0"]
[WhiteElo "2511"]
[BlackElo "2252"]
[PlyCount "53"]
[EventDate "2007.07.10"]

1. e4 c5 2. Nf3 d6 3. d4 cxd4 4. Nxd4 Nf6 5. Nc3 a6 6. Bg5 e6 7. f4 Be7 8. Qf3
Qc7 9. O-O-O Nbd7 10. g4 b5 11. Bxf6 Nxf6 12. g5 Nd7 13. f5 Nc5 14. f6 gxf6 15.
gxf6 Bf8 16. Rg1 h5 17. Re1 Nd7 18. Nxe6 fxe6 19. f7+ Ke7 20. Rg6 Qc5 21. Rxe6+
Kxe6 22. Nd5 Nf6 23. Qxf6+ Kd7 24. b4 Rh6 25. Bh3+ Kc6 26. Qd8 Rh8 27. Qc7# 1-0

[Event "CAMPEONATO CONTINENTAL ABSOLUT"]
[Site "Hotel Torre de Cali, Cali, Co"]
[Date "2007.07.16"]
[Round "7.13"]
[White "Lafuente, Pablo"]
[Black "Vittorino, Carlo"]
[Result "1/2-1/2"]
[WhiteElo "2454"]
[BlackElo "2228"]
[PlyCount "111"]
[EventDate "2007.07.10"]

1. d4 e6 2. c4 Bb4+ 3. Bd2 c5 4. Bxb4 cxb4 5. g3 Nf6 6. Bg2 O-O 7. e4 d6 8. Ne2
e5 9. a3 Qb6 10. Qd2 Nc6 11. d5 Na5 12. Qxb4 Qxb4+ 13. axb4 Nxc4 14. b3 Nb6 15.
Kd2 Bd7 16. Rc1 Rfc8 17. Rxc8+ Nxc8 18. Na3 Ne8 19. Nc3 Nc7 20. Rc1 b5 21. Nd1
Ne8 22. Bf1 a6 23. Ne3 Ne7 24. Ra1 Nc7 25. Nac2 Rd8 26. Ne1 g6 27. Nd3 f6 28.
Bg2 Bc8 29. Rc1 Ne8 30. f4 Bd7 31. Ke2 Rc8 32. Ra1 Ra8 33. Bf3 Ra7 34. h4 Bc8
35. Kd2 Rc7 36. Rh1 Kg7 37. Bg2 Ng8 38. Bh3 Bxh3 39. Rxh3 h5 40. Rh1 Nh6 41.
Ra1 Ra7 42. Rc1 Rc7 43. Rc6 Ra7 44. Rb6 Kf7 45. fxe5 fxe5 46. Nf2 Ke7 47. Nh3
Nf6 48. Ng5 Nf7 49. Nxf7 Kxf7 50. Kd3 Ke7 51. Rb8 Nd7 52. Rh8 Nf6 53. Rb8 Nd7
54. Rh8 Nf6 55. Rc8 Nd7 56. Rh8 1/2-1/2

[Event "CAMPEONATO CONTINENTAL ABSOLUT"]
[Site "Hotel Torre de Cali, Cali, Co"]
[Date "2007.07.16"]
[Round "7.14"]
[White "Diamant, Andre"]
[Black "Garcia, Gildardo"]
[Result "1-0"]
[WhiteElo "2394"]
[BlackElo "2435"]
[PlyCount "109"]
[EventDate "2007.07.10"]

1. e4 e5 2. Nf3 Nc6 3. Bb5 a6 4. Ba4 Nf6 5. d3 d6 6. c3 Bd7 7. O-O g6 8. Re1
Bg7 9. Nbd2 O-O 10. Nf1 h6 11. Ng3 Qe8 12. h3 Kh8 13. Bb3 Na5 14. Bc2 c5 15. d4
Qe7 16. b3 Nc6 17. Be3 Rad8 18. Qd2 Ng8 19. Rad1 Bc8 20. Qc1 b6 21. a3 Bd7 22.
b4 exd4 23. cxd4 cxd4 24. Nxd4 Ne5 25. Bb3 Rc8 26. Qd2 b5 27. Nde2 Rc6 28. Bd5
Nc4 29. Bxc4 bxc4 30. Nc3 Qh4 31. a4 Kh7 32. Nge2 Be6 33. b5 axb5 34. axb5 Rcc8
35. Qxd6 Rfd8 36. Qf4 Qe7 37. Bd4 Nf6 38. Qe3 Nd7 39. Bxg7 Kxg7 40. Nf4 Qc5 41.
Rd4 Ne5 42. Red1 Re8 43. Rb1 Ra8 44. b6 Nc6 45. Rd3 Qe5 46. Nxe6+ Qxe6 47. Rd5
Qf6 48. Rc5 Ne5 49. Nd5 Qd6 50. Nc7 Rac8 51. Nxe8+ Rxe8 52. b7 Rb8 53. Rd5 Qc7
54. Qc5 Nc6 55. Rd6 1-0

[Event "CAMPEONATO CONTINENTAL ABSOLUT"]
[Site "Hotel Torre de Cali, Cali, Co"]
[Date "2007.07.16"]
[Round "7.15"]
[White "Beltran, Carlos"]
[Black "Mekhitarian, Krikor Sevag"]
[Result "1/2-1/2"]
[WhiteElo "2272"]
[BlackElo "2420"]
[PlyCount "156"]
[EventDate "2007.07.10"]

1. Nf3 c5 2. c4 Nc6 3. d4 cxd4 4. Nxd4 Nf6 5. Nc3 e6 6. Nb3 Bb4 7. Bd2 O-O 8.
e3 b6 9. Be2 Bb7 10. O-O Rc8 11. Rc1 Be7 12. Bf3 Ba6 13. Be2 Bb7 14. Bf3 Ba6
15. Be2 d6 16. Nb5 Bb7 17. N3d4 Nxd4 18. Nxd4 Qd7 19. Bb4 a6 20. Qb3 Ne4 21.
Rfd1 Nc5 22. Qc2 Rfd8 23. Bf3 Bf6 24. Bxb7 Qxb7 25. Qe2 h6 26. Ba3 d5 27. cxd5
Rxd5 28. Nf3 Rxd1+ 29. Rxd1 b5 30. Bxc5 Rxc5 31. h3 Qc7 32. b3 Kf8 33. Ne1 Ke7
34. g3 Rc1 35. Rxc1 Qxc1 36. Kg2 g6 37. Nd3 Qc3 38. h4 h5 39. Ne1 Be5 40. Nf3
Bd6 41. Qd2 Qc6 42. Qd4 e5 43. Qd1 Ke6 44. Kf1 f6 45. Ke2 Qc3 46. Qb1 f5 47.
Ng5+ Kf6 48. Qd3 Qxd3+ 49. Kxd3 Bc5 50. f3 Bb4 51. Ke2 Ke7 52. e4 f4 53. gxf4
exf4 54. Nh3 Bd6 55. Nf2 Kf7 56. Nd3 Be7 57. Nxf4 Bxh4 58. Ng2 Bd8 59. f4 g5
60. fxg5 Bxg5 61. Ne1 Be7 62. Kf3 Kf6 63. Nd3 Bd6 64. a4 Kg5 65. axb5 axb5 66.
Nf2 h4 67. Nd1 Be5 68. Nf2 Bd4 69. Nd3 Bc3 70. Nc5 Be5 71. Nd3 Bc7 72. Nf2 Bd6
73. Nd3 h3 74. e5 Be7 75. Ne1 Kf5 76. Nc2 h2 77. Kg2 Ke4 78. b4 Kxe5 1/2-1/2

[Event "CAMPEONATO CONTINENTAL ABSOLUT"]
[Site "Hotel Torre de Cali, Cali, Co"]
[Date "2007.07.16"]
[Round "7.16"]
[White "Ehlvest, Jaan"]
[Black "Ostos, Julio"]
[Result "1-0"]
[WhiteElo "2629"]
[BlackElo "2306"]
[PlyCount "66"]
[EventDate "2007.07.10"]

1. d4 Nf6 2. Nf3 g6 3. Bg5 Ne4 4. Bh4 c5 5. c3 Qb6 6. Qb3 Nc6 7. d5 Na5 8. Qxb6
axb6 9. Nbd2 Nxd2 10. Nxd2 b5 11. e3 b4 12. cxb4 cxb4 13. Bb5 Bg7 14. O-O-O h6
15. f4 Kf8 16. Kb1 d6 17. Rc1 g5 18. fxg5 hxg5 19. Bxg5 Be5 20. e4 Rxh2 21.
Rxh2 Bxh2 22. Nf3 Bg3 23. Bh6+ Kg8 24. Rc7 b3 25. a4 Bg4 26. Bd2 Kf8 27. Bh6+
Kg8 28. Be3 f5 29. Bd7 f4 30. Bd4 Bxd7 31. Rxd7 Nc4 32. Rxe7 Rxa4 33. Bc3 b5
$138 1-0

[Event "CAMPEONATO CONTINENTAL ABSOLUT"]
[Site "Hotel Torre de Cali, Cali, Co"]
[Date "2007.07.16"]
[Round "7.17"]
[White "Gulko, Boris"]
[Black "Quinones, Cesar"]
[Result "1-0"]
[WhiteElo "2576"]
[BlackElo "2268"]
[PlyCount "79"]
[EventDate "2007.07.10"]

1. c4 Nf6 2. d4 c6 3. Bf4 g6 4. Nc3 Bg7 5. Nf3 d6 6. e3 O-O 7. h3 Bf5 8. Be2
Na6 9. O-O c5 10. Rc1 h6 11. Bh2 Be4 12. Nxe4 Nxe4 13. Bd3 Nf6 14. d5 Nd7 15.
Qd2 Nc7 16. e4 a6 17. Rfe1 b5 18. b3 bxc4 19. bxc4 Re8 20. Bf4 g5 21. Bg3 e5
22. Nh2 Nf6 23. Nf1 Nh5 24. Ne3 Bf8 25. Bc2 Qd7 26. Qa5 Reb8 27. Ba4 Qd8 28.
Bc6 Ra7 29. Rb1 Ne8 30. Qxd8 Rxd8 31. Bxe8 Rxe8 32. Rb6 Nf6 33. Nf5 Nd7 34.
Nxd6 Nxb6 35. Nxe8 Nxc4 36. Rc1 Nd6 37. Nf6+ Kg7 38. Bxe5 Kg6 39. Rxc5 Rb7 40.
Rc6 1-0

[Event "CAMPEONATO CONTINENTAL ABSOLUT"]
[Site "Hotel Torre de Cali, Cali, Co"]
[Date "2007.07.16"]
[Round "7.18"]
[White "Prasca, Raphael"]
[Black "Pena, Alfredo"]
[Result "1-0"]
[WhiteElo "2426"]
[BlackElo "2248"]
[PlyCount "133"]
[EventDate "2007.07.10"]

1. e4 e5 2. Nf3 Nc6 3. d4 exd4 4. Nxd4 Nf6 5. Nxc6 bxc6 6. e5 Qe7 7. Qe2 Nd5 8.
c4 Nb6 9. Nc3 Qe6 10. Qe4 g6 11. f4 Bb4 12. Bd2 Bb7 13. a3 Be7 14. Bd3 O-O-O
15. O-O-O c5 16. Qe2 f5 17. Rhe1 Rhe8 18. a4 d6 19. a5 Nd7 20. Nd5 Bf8 21. Bc3
Bh6 22. Kb1 c6 23. a6 Bxa6 24. Ba5 Nb6 25. Nxb6+ axb6 26. Bxb6 Rd7 27. Qf1 Qf7
28. exd6 Rxe1 29. Rxe1 Rxd6 30. Bxc5 Rd7 31. Qf3 Kc7 32. Rc1 Bg7 33. Qe3 Kb8
34. Rc2 Qf6 35. Be2 Bc8 36. Qb3+ Rb7 37. Qa3 Rd7 38. Qb4+ Bb7 39. Rd2 Rxd2 40.
Qxd2 Kc7 41. Bb4 Qe6 42. Ba5+ Kb8 43. Qd8+ Qc8 44. Qd6+ Ka8 45. Bb4 Qb8 46. Qc5
Qa7 47. Qxa7+ Kxa7 48. Bc5+ Kb8 49. Kc2 Kc7 50. b4 Kd7 51. Kb3 Bf6 52. Bf3 Ba6
53. Be2 Bd8 54. g3 g5 55. fxg5 Bxg5 56. Kc3 Ke6 57. Kd3 Bc8 58. Bf3 Bd7 59. Bd1
Bc8 60. Be3 Be7 61. b5 cxb5 62. cxb5 Bb7 63. Bb3+ Ke5 64. Bf4+ Kf6 65. Kd4 Ba3
66. Bd5 Bb2+ 67. Kc4 1-0

[Event "CAMPEONATO CONTINENTAL ABSOLUT"]
[Site "Hotel Torre de Cali, Cali, Co"]
[Date "2007.07.16"]
[Round "7.19"]
[White "Aranha Filho, Alvaro Z"]
[Black "Mosquera, Miguel"]
[Result "1/2-1/2"]
[WhiteElo "2279"]
[BlackElo "2414"]
[PlyCount "54"]
[EventDate "2007.07.10"]

1. d4 d5 2. c4 c6 3. Nf3 Nf6 4. e3 Bf5 5. Nc3 e6 6. Bd3 Bxd3 7. Qxd3 Nbd7 8.
O-O Bd6 9. e4 dxe4 10. Nxe4 Nxe4 11. Qxe4 O-O 12. Bg5 Be7 13. Bxe7 Qxe7 14.
Rad1 Rad8 15. Rfe1 Rfe8 16. a3 Nf6 17. Qe2 Qc7 18. Ne5 Nd7 19. Nf3 Nf6 20. Ne5
Rd6 21. Rd3 Red8 22. Red1 c5 23. dxc5 Qxc5 24. Rxd6 Rxd6 25. Rxd6 Qxd6 26. Qd3
Qxd3 27. Nxd3 Kf8 1/2-1/2

[Event "CAMPEONATO CONTINENTAL ABSOLUT"]
[Site "Hotel Torre de Cali, Cali, Co"]
[Date "2007.07.16"]
[Round "7.20"]
[White "Naranjo, Sebastian"]
[Black "Alzate, Dario"]
[Result "1/2-1/2"]
[WhiteElo "2035"]
[BlackElo "2392"]
[PlyCount "104"]
[EventDate "2007.07.10"]

1. e4 c5 2. Nf3 e6 3. d4 cxd4 4. Nxd4 Nc6 5. Nxc6 bxc6 6. Bd3 d5 7. Nd2 Nf6 8.
O-O Be7 9. Qe2 a5 10. c4 O-O 11. Nf3 dxe4 12. Bxe4 Nxe4 13. Qxe4 Ra6 14. Be3 c5
15. Rfd1 Qb6 16. Ne5 Bb7 17. Qg4 Bc8 18. Nd7 Bxd7 19. Rxd7 Ra7 20. Rxa7 Qxa7
21. Rd1 Rb8 22. Rd2 Bf6 23. Qh5 Rc8 24. Qd1 h6 25. Qa4 Bd4 26. Bxd4 cxd4 27. g3
Qc5 28. b3 e5 29. Qb5 Qxb5 30. cxb5 Rc5 31. a4 Rc1+ 32. Kg2 Rb1 33. Rd3 Kh7 34.
f4 e4 35. Rxd4 Rb2+ 36. Kf1 Rxb3 37. Rxe4 Rb2 38. Re2 Rb4 39. Kf2 Kg6 40. Ra2
Kf5 41. Ke3 Ke6 42. Kd3 f5 43. Kc3 Kd5 44. Rb2 Rxa4 45. b6 Rc4+ 46. Kd3 Rd4+
47. Ke3 Re4+ 48. Kf3 Re8 49. Rb5+ Kc6 50. Rxa5 g6 51. Ra7 (51. Re5 $142 $18)
51... Kxb6 52. Rg7 Re6 1/2-1/2

[Event "CAMPEONATO CONTINENTAL ABSOLUT"]
[Site "Hotel Torre de Cali, Cali, Co"]
[Date "2007.07.16"]
[Round "7.21"]
[White "Ibarra Chami, Luis Fernando"]
[Black "Bibiloni, Jorge"]
[Result "1-0"]
[WhiteElo "2386"]
[BlackElo "2145"]
[PlyCount "81"]
[EventDate "2007.07.10"]

1. d4 Nf6 2. Nc3 d6 3. e4 g6 4. Nf3 Bg7 5. Bc4 c6 6. e5 dxe5 7. Nxe5 O-O 8. O-O
Nbd7 9. f4 Nb6 10. Bb3 a5 11. a4 Nbd5 12. Ne2 Ng4 13. Qd3 Nxe5 14. fxe5 b6 15.
c4 Nb4 16. Qf3 Bf5 17. Bf4 Bc2 18. Bxc2 Nxc2 19. Rad1 Nb4 20. Qe3 f5 21. Bg5
Qe8 22. e6 Ra7 23. g4 Kh8 24. Bh6 Rf6 25. Bxg7+ Kxg7 26. Ng3 fxg4 27. Qe5 Kg8
28. Rxf6 exf6 29. Qxf6 Re7 30. d5 cxd5 31. cxd5 Nxd5 32. Rxd5 Rxe6 33. Qd4 Qc6
34. Rd8+ Kf7 35. Rh8 Rf6 36. Qxg4 Qc1+ 37. Kg2 Qxb2+ 38. Kh3 Qd2 39. Qc4+ Re6
40. Qf1+ Rf6 41. Qxf6+ 1-0

[Event "CAMPEONATO CONTINENTAL ABSOLUT"]
[Site "Hotel Torre de Cali, Cali, Co"]
[Date "2007.07.16"]
[Round "7.22"]
[White "Cori, Jorge"]
[Black "Capo Vidal, Uriel"]
[Result "1-0"]
[WhiteElo "2267"]
[BlackElo "2370"]
[PlyCount "87"]
[EventDate "2007.07.10"]

1. e4 c5 2. Nf3 Nc6 3. d4 cxd4 4. Nxd4 e5 5. Nb5 d6 6. c4 Be7 7. N1c3 a6 8. Na3
f5 9. exf5 Bxf5 10. Bd3 Be6 11. Nc2 Nf6 12. Bg5 e4 13. Be2 Qa5 14. Qd2 Rd8 15.
O-O-O O-O 16. Kb1 d5 17. Bxf6 Bxf6 18. cxd5 Bxc3 19. Qxc3 Qxc3 20. bxc3 Rxd5
21. Rxd5 Bxd5 22. Rf1 Ne5 23. Ne3 Bc6 24. a3 g6 25. Kc1 h5 26. Nc2 Bd5 27. Kd2
Nc4+ 28. Ke1 a5 29. Ne3 Nxe3 30. fxe3 Rxf1+ 31. Bxf1 h4 32. c4 Bc6 33. Kd2 Kg7
34. Kc3 Kf6 35. Kd4 Kf5 36. c5 Bd7 37. Bc4 Be8 38. Bb3 Bb5 39. Bc2 Bd3 40. Bxd3
exd3 41. Kxd3 g5 42. e4+ Kf4 43. Kd4 g4 44. e5 1-0

[Event "CAMPEONATO CONTINENTAL ABSOLUT"]
[Site "Hotel Torre de Cali, Cali, Co"]
[Date "2007.07.16"]
[Round "7.23"]
[White "Uribe, Mauricio"]
[Black "Gallego, Andres"]
[Result "1-0"]
[WhiteElo "2354"]
[BlackElo "2235"]
[PlyCount "74"]
[EventDate "2007.07.10"]

1. Nf3 Nf6 2. c4 c5 3. b3 Nc6 4. Bb2 e6 5. e3 Be7 6. Be2 O-O 7. O-O b6 8. d4
cxd4 9. exd4 d5 10. Nc3 Ba6 11. Ne5 Rc8 12. Nb5 Bxb5 13. cxb5 Nxe5 14. dxe5 Nd7
15. Qd2 Qc7 16. Rac1 Qb8 17. Qd4 Bc5 18. Qf4 f6 19. Qg4 Rce8 20. b4 f5 21. Qf4
Be7 22. Qd4 Rf7 23. Rc6 Bf8 24. Rfc1 g6 25. f4 Bg7 26. Bf3 Nf8 27. a4 Rb7 28.
Qd2 Qd8 29. Rd6 Qe7 30. Rcc6 Rc7 31. Bd4 Rec8 32. Qc3 Bh6 33. g3 g5 34. fxg5
Bxg5 35. a5 bxa5 36. bxa5 Bf6 37. Rxc7 Rxc7 1-0

[Event "CAMPEONATO CONTINENTAL ABSOLUT"]
[Site "Hotel Torre de Cali, Cali, Co"]
[Date "2007.07.16"]
[Round "7.24"]
[White "Alvarez, Javier"]
[Black "Ripari, Marcelo"]
[Result "1/2-1/2"]
[WhiteElo "2100"]
[BlackElo "2350"]
[PlyCount "92"]
[EventDate "2007.07.10"]

1. e4 c5 2. Nf3 e6 3. d4 cxd4 4. Nxd4 Nf6 5. Nc3 Nc6 6. Ndb5 Bb4 7. a3 Bxc3+ 8.
Nxc3 d5 9. exd5 exd5 10. Bd3 O-O 11. O-O d4 12. Ne4 Bf5 13. Bg5 Bxe4 14. Bxe4
h6 15. Bxf6 Qxf6 16. Qg4 Rad8 17. Qg3 Rfe8 18. Rfe1 Re7 19. Bd3 Rde8 20. Kf1 g6
21. Rad1 Kg7 22. Rxe7 Rxe7 23. Qg4 Qd6 24. Kg1 Qe5 25. h3 a5 26. f4 Qd5 27. f5
g5 28. Qh5 Qe5 29. Rf1 Qf6 30. Qd1 Re5 31. Qf3 Rc5 32. Qe4 Re5 33. Qg4 Rc5 34.
Kh1 b5 35. h4 Re5 36. Be4 Rc5 37. hxg5 hxg5 38. g3 Ne5 39. Qh5 Rc8 40. Kg2 Rh8
41. Qe2 Rc8 42. Rh1 Rh8 43. Rxh8 Kxh8 44. b3 Kg7 45. Qd2 Ng4 46. Kf3 Ne5+
1/2-1/2

[Event "CAMPEONATO CONTINENTAL ABSOLUT"]
[Site "Hotel Torre de Cali, Cali, Co"]
[Date "2007.07.16"]
[Round "7.25"]
[White "Mesias, Rabindranath"]
[Black "Sequera, Jose"]
[Result "1-0"]
[WhiteElo "2237"]
[BlackElo "2432"]
[PlyCount "91"]
[EventDate "2007.07.10"]

1. e4 e6 2. d4 d5 3. Nc3 Bb4 4. exd5 exd5 5. Qf3 Nc6 6. Bb5 Nge7 7. Bf4 Be6 8.
Nge2 Qd7 9. O-O-O a6 10. Bxc6 Qxc6 11. g4 Nc8 12. Rhe1 Nb6 13. Be5 O-O 14. g5
Na4 15. h4 Bd6 16. h5 Bxe5 17. dxe5 Nxc3 18. Nxc3 Qc4 19. b3 Qg4 20. Qxg4 Bxg4
21. Rxd5 c6 22. Rd6 Bxh5 23. Rh1 Bg4 24. Rh4 Bf5 25. Rb4 b5 26. Rxc6 Rfc8 27.
Rxc8+ Rxc8 28. Rd4 Kf8 29. Ne4 Rc6 30. Kd2 Ke7 31. c4 bxc4 32. bxc4 Ke6 33. f4
Bxe4 34. Rxe4 h5 35. gxh6 gxh6 36. Rd4 Kf5 37. Kd3 Re6 38. c5 f6 39. exf6 Rxf6
40. Kc4 h5 41. Kd5 h4 42. c6 h3 43. c7 Rf8 44. Rd2 a5 45. Kc6 a4 46. Rd8 1-0

[Event "CAMPEONATO CONTINENTAL ABSOLUT"]
[Site "Hotel Torre de Cali, Cali, Co"]
[Date "2007.07.16"]
[Round "7.26"]
[White "Castro, Oscar H"]
[Black "Salazar, Carlos"]
[Result "1/2-1/2"]
[WhiteElo "2390"]
[BlackElo "2215"]
[PlyCount "155"]
[EventDate "2007.07.10"]

1. d4 d5 2. c4 dxc4 3. Nf3 Nf6 4. e3 e6 5. Bxc4 c5 6. O-O a6 7. Re1 Nc6 8. a4
Be7 9. Nc3 O-O 10. b3 cxd4 11. exd4 Nb4 12. Ne5 Nbd5 13. Bd2 Bd7 14. a5 Bc6 15.
Nxc6 bxc6 16. Na4 Nc7 17. Qf3 Nb5 18. Be3 Nd5 19. Red1 Qxa5 20. Nc5 Qd8 21.
Nxa6 Qb6 22. Bxd5 cxd5 23. Nc5 Rxa1 24. Rxa1 Nxd4 25. Bxd4 Bxc5 26. Bxc5 Qxc5
27. g3 h6 28. h4 e5 29. b4 Qxb4 30. Qxd5 e4 31. Ra7 Qe1+ 32. Kg2 e3 33. fxe3
Qe2+ 34. Kh3 Qxe3 35. Ra2 h5 36. Kg2 g6 37. Rf2 Kg7 38. Rf3 Qe2+ 39. Rf2 Qe7
40. Qd4+ f6 41. Ra2 Rf7 42. Rd2 Qb7+ 43. Qd5 Qa7 44. Qd4 Qa8+ 45. Qd5 Qb8 46.
Re2 Qb4 47. Qe4 Qb6 48. Qe6 Qd4 49. Qe4 Qxe4+ 50. Rxe4 Kh6 51. Re6 g5 52. hxg5+
Kxg5 53. Ra6 h4 54. gxh4+ Kxh4 55. Kf3 Kg5 56. Ra5+ f5 57. Ra8 Rg7 58. Rf8 Rg6
59. Ra8 Kf6 60. Rf8+ Ke5 61. Re8+ Re6 62. Rxe6+ Kxe6 63. Kf4 Kf6 64. Kf3 Ke5
65. Ke3 f4+ 66. Kf3 Kf5 67. Kf2 Ke5 68. Kf3 Kf5 69. Kf2 Ke4 70. Ke2 f3+ 71. Kf2
Kf4 72. Kf1 Kg3 73. Kg1 Kg4 74. Kf2 Kf4 75. Kf1 Ke4 76. Kf2 Kf4 77. Kf1 Ke3 78.
Ke1 1/2-1/2

[Event "CAMPEONATO CONTINENTAL ABSOLUT"]
[Site "Hotel Torre de Cali, Cali, Co"]
[Date "2007.07.16"]
[Round "7.27"]
[White "Lopez, Mario Iver"]
[Black "Remicio, Duque John"]
[Result "0-1"]
[WhiteElo "2345"]
[BlackElo "2189"]
[PlyCount "102"]
[EventDate "2007.07.10"]

1. e4 c5 2. Nf3 Nc6 3. d4 cxd4 4. Nxd4 Nf6 5. Nc3 d6 6. Bg5 e6 7. Qd2 Be7 8.
O-O-O O-O 9. Be2 Nxd4 10. Qxd4 Qa5 11. h4 a6 12. Kb1 b5 13. Bf3 Bb7 14. Qe3
Rac8 15. Rd2 Rc7 16. Rhd1 Rfc8 17. Ne2 Qa4 18. Nd4 h6 19. Bxf6 Bxf6 20. Nb3
Bxh4 21. Rxd6 Rxc2 22. Rd7 Bg5 23. Qe1 Ba8 24. R7d4 R2c4 25. g3 Bf6 26. Rxc4
bxc4 27. Nd4 Rd8 28. Nc2 Rxd1+ 29. Qxd1 Qb5 30. Qc1 Qe5 31. Ne3 Bxe4+ 32. Bxe4
Qxe4+ 33. Qc2 Qxc2+ 34. Kxc2 Bd4 35. Nxc4 Bxf2 36. g4 f5 37. gxf5 exf5 38. Kd2
g5 39. b4 Kg7 40. a4 Kf6 41. Ke2 Bg3 42. b5 axb5 43. axb5 g4 44. b6 h5 45. b7
h4 46. Na5 h3 47. Kf1 Bd6 48. Nc6 g3 49. b8=Q Bxb8 50. Nxb8 f4 51. Nc6 h2 0-1

[Event "CAMPEONATO CONTINENTAL ABSOLUT"]
[Site "Hotel Torre de Cali, Cali, Co"]
[Date "2007.07.16"]
[Round "7.28"]
[White "Gutierrez, Jose Antonio"]
[Black "Guerrero, Juan Carlos"]
[Result "0-1"]
[WhiteElo "2283"]
[BlackElo "2144"]
[PlyCount "102"]
[EventDate "2007.07.10"]

1. e4 c5 2. Nf3 d6 3. d4 cxd4 4. Nxd4 Nf6 5. Nc3 g6 6. Be3 Bg7 7. f3 O-O 8. Qd2
Nc6 9. Bc4 Bd7 10. h4 Rc8 11. Bb3 h5 12. O-O-O Ne5 13. Bg5 Rc5 14. Nde2 b5 15.
Be3 Nc4 16. Bxc4 Rxc4 17. Kb1 b4 18. Nd5 Nxd5 19. Qxd5 Be6 20. Qb7 a5 21. Nf4
Rc7 22. Nxe6 fxe6 23. Qb5 Qc8 24. Rd2 Rc3 25. Bg5 Rc5 26. Qa4 Qc7 27. Qb3 Kf7
28. Qe3 Rc8 29. Rc1 a4 30. Rf2 a3 31. b3 Rc3 32. Qd2 Qc5 33. Rd1 Kg8 34. Bf4
Rf8 35. g3 Kh7 36. Rff1 Rc8 37. Rf2 Qb6 38. Rc1 Bd4 39. Rg2 Rxf3 40. g4 Bc3 41.
Qe2 Rxf4 42. gxh5 Bf6 43. hxg6+ Kg7 44. e5 Bxe5 45. Qh5 Rh8 46. Qg5 Rf6 47. Rg4
Qf2 48. Rcg1 Qf1+ 49. Rxf1 Rxf1+ 50. Qc1 Rxc1+ 51. Kxc1 Bc3 0-1

[Event "CAMPEONATO CONTINENTAL ABSOLUT"]
[Site "Hotel Torre de Cali, Cali, Co"]
[Date "2007.07.16"]
[Round "7.29"]
[White "Condori, Edwin"]
[Black "Ortiz, Nadya Karolina"]
[Result "1-0"]
[WhiteElo "2207"]
[BlackElo "2281"]
[PlyCount "67"]
[EventDate "2007.07.10"]

1. d4 Nf6 2. c4 g6 3. Nc3 Bg7 4. g3 O-O 5. Bg2 d6 6. Nf3 c6 7. O-O Qa5 8. h3 e5
9. e4 Nbd7 10. Be3 Nb6 11. Qd3 exd4 12. Nxd4 Qa6 13. b3 d5 14. exd5 Nbxd5 15.
Nxd5 Nxd5 16. Bg5 h6 17. Bd2 Rd8 18. Qe4 f5 19. Qe1 Bxd4 20. cxd5 cxd5 21. Bxh6
Bxa1 22. Qxa1 d4 23. Re1 Be6 24. Qc1 Rac8 25. Qf4 Qd6 26. Qh4 Bd5 27. Re7 Rd7
28. Rxd7 Qxd7 29. Qxd4 Be6 30. Qxa7 Qd1+ 31. Kh2 Bd5 32. Qb6 Kh7 33. Be3 Bxg2
34. Kxg2 {las jugadas no concuerdan} 1-0

[Event "CAMPEONATO CONTINENTAL ABSOLUT"]
[Site "Hotel Torre de Cali, Cali, Co"]
[Date "2007.07.16"]
[Round "7.30"]
[White "Moreno, William"]
[Black "Avalos Parra, Joao"]
[Result "1-0"]
[WhiteElo "2194"]
[BlackElo "2272"]
[PlyCount "65"]
[EventDate "2007.07.10"]

1. d4 c5 2. d5 e5 3. c4 d6 4. Nc3 f5 5. e4 Nf6 6. exf5 Bxf5 7. Nge2 Be7 8. Ng3
Bg6 9. Bd3 Bxd3 10. Qxd3 O-O 11. O-O Na6 12. f3 h6 13. a3 Nh7 14. Nge4 Bg5 15.
Nb5 Be7 16. f4 Nc7 17. Nxc7 Qxc7 18. fxe5 Rxf1+ 19. Kxf1 Qa5 20. Bd2 Qb6 21.
Bc3 dxe5 22. d6 Bf6 23. Qd5+ Kh8 24. Rd1 Rf8 25. Ke2 Qb3 26. Rd2 b6 27. d7 Rd8
28. Nd6 Ng5 29. h4 Rxd7 30. hxg5 Bxg5 31. Nf7+ Rxf7 32. Qxf7 Bxd2 33. Kxd2 1-0